| 000 | 00414nam a22001697a 4500 | ||
|---|---|---|---|
| 003 | OSt | ||
| 005 | 20260502121616.0 | ||
| 008 | 260325b |||||||| |||| 00| 0 eng d | ||
| 020 | _a9789355204455 | ||
| 082 | _a294.5924 MUB | ||
| 100 | _aMUKUNDANANDA,Swami | ||
| 245 | _aBhagavad Gita the Song of God | ||
| 250 | _a7th IMP | ||
| 260 |
_aNew Delhi _bRupa Publications _c2025 |
||
| 300 | _a876p | ||
| 942 |
_2ddc _cREF |
||
| 999 |
_c13900 _d13900 |
||